| 000 | 00585nam a22001817a 4500 | ||
|---|---|---|---|
| 005 | 20251108173547.0 | ||
| 008 | 250721s2007 xx 000 0 ara d | ||
| 082 | 1 | 4 | _a657/عطا |
| 100 | 1 | _aبني عطا، حيدر محمد علي | |
| 245 | 1 | 0 | _aمفاهيم أساسية في قياس الأصول الثابتة / |
| 264 | 1 |
_aعمان : _bدار الحامد للنشر و التوزبع، _c2007. |
|
| 300 | _a182 ص. | ||
| 650 | 1 | 7 | _aالمحاسبة |
| 650 | 1 | 7 | _aالأصول الثابتة |
| 650 | 1 | 7 | _aرؤوس الأموال |
| 942 |
_2ddc _cBK |
||
| 999 |
_c106834 _d106834 |
||